[Event "4NCL Division Three East"]
[Site "Daventry, ENG"]
[Date "2022.11.05"]
[Round "1.43"]
[White "Brown, Alan M"]
[Black "Ortiz Sanchez, Luis"]
[Result "1/2-1/2"]
[WhiteElo "2001"]
[BlackElo "2023"]
[PlyCount "41"]
[EventDate "2022.11.05"]
[WhiteTeam "MK Phoenix 1"]
[BlackTeam "Iceni 1"]

1. d4 d5 2. Nf3 Nf6 3. Bf4 c6 4. e3 Bg4 5. Be2 e6 6. Nbd2 Bd6 7. Bxd6 Qxd6 8.
h3 Bh5 9. c3 Nbd7 10. O-O O-O 11. c4 c5 12. dxc5 Nxc5 13. cxd5 Qxd5 14. Rc1
Rac8 15. Nc4 Nce4 16. Qxd5 Nxd5 17. g4 Bg6 18. Nce5 Nd6 19. Nd4 Rxc1 20. Rxc1
Rc8 21. Rxc8+ 1/2-1/2

[Event "4NCL Division Three East"]
[Site "Daventry, ENG"]
[Date "2022.11.05"]
[Round "1.44"]
[White "Calvert, D Ian"]
[Black "Elwin, Adrian G"]
[Result "1-0"]
[WhiteElo "1979"]
[BlackElo "1972"]
[PlyCount "51"]
[EventDate "2022.11.05"]
[WhiteTeam "Iceni 1"]
[BlackTeam "MK Phoenix 1"]

1. b3 d5 2. Bb2 Nf6 3. Nf3 Bf5 4. c4 e6 5. g3 c5 6. Bg2 Nc6 7. cxd5 exd5 8. d4
Rc8 9. O-O Nb4 10. Nc3 Be7 11. a3 Na6 12. dxc5 Bxc5 13. b4 Be7 14. Nd4 Bg6 15.
Qa4+ Kf8 16. Rac1 h5 17. Qb3 h4 18. Nxd5 hxg3 19. hxg3 Ne4 20. Rxc8 Qxc8 21.
Nxe7 Kxe7 22. Rc1 Qd7 23. Qe3 Qg4 24. Nf3 Rd8 25. Nh4 f5 26. Bf3 1-0

[Event "4NCL Division Three East"]
[Site "Daventry, ENG"]
[Date "2022.11.05"]
[Round "1.45"]
[White "Lambourne, Dan M"]
[Black "Gibbs, Dominic V"]
[Result "1/2-1/2"]
[WhiteElo "1968"]
[BlackElo "1956"]
[PlyCount "124"]
[EventDate "2022.11.05"]
[WhiteTeam "MK Phoenix 1"]
[BlackTeam "Iceni 1"]

1. Nf3 Nf6 2. d4 d5 3. g3 Bg4 4. Bg2 e6 5. c3 Be7 6. Ne5 Bf5 7. Nd2 Nbd7 8. Qa4
O-O 9. Nxd7 Qxd7 10. Qxd7 Nxd7 11. e4 dxe4 12. Nxe4 e5 13. O-O exd4 14. cxd4
Nb6 15. Nc5 Rad8 16. Be3 Bxc5 17. dxc5 Nc4 18. Bxb7 Nxb2 19. Bg2 Nd3 20. c6 a5
21. a4 Rfe8 22. Ra3 Nb4 23. Bf4 Nd5 24. Be3 Nxe3 25. Rxe3 Rxe3 26. fxe3 Bc2 27.
Bf3 Kf8 28. Rf2 Bxa4 29. Be4 Rd1+ 30. Kg2 Ke7 31. Ra2 Bb3 32. Rxa5 g6 33. Rb5
Rd2+ 34. Kg1 Bc2 35. Bf3 Kd6 36. Rb8 Kc5 37. Re8 Bd1 38. Bg2 Ba4 39. Re7 Rd1+
40. Kf2 Rd2+ 41. Kf1 Bb5+ 42. Kg1 Bxc6 43. Bf1 Rd7 44. Re5+ Kd6 45. Ra5 Bd5 46.
Kf2 h5 47. Bd3 Be6 48. e4 c6 49. Ke3 Rc7 50. e5+ Kd7 51. Kd4 Bd5 52. Bf1 Be6
53. Bg2 Bd5 54. Bxd5 cxd5 55. Rxd5+ Ke7 56. h4 Rc1 57. Ke4 Re1+ 58. Kf4 Rf1+
59. Ke4 Ra1 60. Rd4 Ra6 61. Kf4 Ke6 62. Ke4 Rb6 1/2-1/2

[Event "4NCL Division Three East"]
[Site "Daventry, ENG"]
[Date "2022.11.05"]
[Round "1.46"]
[White "Lewis, Stephen"]
[Black "Smith, Graham"]
[Result "1-0"]
[WhiteElo "1964"]
[BlackElo "1927"]
[PlyCount "133"]
[EventDate "2022.11.05"]
[WhiteTeam "Iceni 1"]
[BlackTeam "MK Phoenix 1"]

1. d4 Nf6 2. Nc3 d5 3. Bf4 a6 4. e3 e6 5. Bd3 c5 6. dxc5 Bxc5 7. Nf3 Nc6 8. O-O
O-O 9. e4 dxe4 10. Nxe4 Nxe4 11. Bxe4 Qf6 12. Qc1 h6 13. c3 g5 14. Nxg5 hxg5
15. Bxg5 Qe5 16. Re1 f6 17. Bh6 Qh5 18. Bxf8 Bxf8 19. Qf4 Ne5 20. h3 Kf7 21.
Rad1 Be7 22. b3 Rb8 23. Kh2 b5 24. g4 Qh4 25. Qg3 Qxg3+ 26. Kxg3 Bb7 27. f4
Bxe4 28. Rxe4 Ng6 29. Rd7 Rc8 30. c4 Rc6 31. Rb7 f5 32. Rd4 fxg4 33. hxg4 bxc4
34. Rxc4 Rd6 35. Ra4 Rd3+ 36. Kf2 Kf6 37. f5 Bc5+ 38. Ke2 Ne5 39. Rxa6 Re3+ 40.
Kd2 Nxg4 41. fxe6 Rxe6 42. Rxe6+ Kxe6 43. a4 Ne5 44. Kc3 Nc6 45. Rh7 Kd6 46.
Kc4 Na5+ 47. Kc3 Nc6 48. Rh5 Bf2 49. Kc4 Be1 50. Rh6+ Kc7 51. Kd5 Na5 52. Rh3
Kb6 53. Rh1 Bd2 54. Rb1 Bb4 55. Rc1 Bd2 56. Rc5 Be3 57. Rb5+ Ka6 58. b4 Nb7 59.
Kc6 Nd8+ 60. Kc7 Ne6+ 61. Kd7 Nd4 62. Re5 Nc2 63. Re6+ Ka7 64. b5 Bb6 65. a5
Bg1 66. Kc8 Nb4 67. b6+ 1-0

[Event "4NCL Division Three East"]
[Site "Daventry, ENG"]
[Date "2022.11.05"]
[Round "1.51"]
[White "Vleeshhouwer, Douglas"]
[Black "Scott, David A"]
[Result "0-1"]
[WhiteElo "2053"]
[BlackElo "2120"]
[PlyCount "136"]
[EventDate "2022.11.05"]
[WhiteTeam "Hull & East Riding Tigers"]
[BlackTeam "Surbiton"]

1. e4 e6 2. f4 d5 3. e5 c5 4. Nf3 Nc6 5. c3 Nh6 6. Na3 Nf5 7. Nc2 d4 8. Bd3 Be7
9. Qe2 O-O 10. Be4 Qb6 11. d3 Bd7 12. O-O Rad8 13. g4 Nh6 14. Ng5 g6 15. Na3
Na5 16. f5 exf5 17. gxf5 Nxf5 18. Bd5 Be6 19. c4 Bxd5 20. cxd5 Rxd5 21. Qe4
Rdd8 22. e6 f6 23. Nxh7 Kxh7 24. Rxf5 Rh8 25. Rf2 Rdf8 26. Bf4 Qc6 27. Re1 Qxe4
28. Rxe4 Kg7 29. Nb5 Nc6 30. a3 a6 31. Nc7 Rh5 32. Bg3 Ne5 33. Bxe5 Rxe5 34.
Rxe5 fxe5 35. Nd5 Bg5 36. b3 Be3 37. Nxe3 dxe3 38. Re2 Kf6 39. e7 Kxe7 40. Rxe3
Kd6 41. Kg2 Kd5 42. Rg3 Rf6 43. Rg4 Rb6 44. b4 cxb4 45. axb4 Rf6 46. Kg3 Kc6
47. Re4 Kb5 48. d4 exd4 49. Rxd4 b6 50. h4 a5 51. bxa5 Kxa5 52. Kg4 b5 53. Kg5
Re6 54. Rd8 b4 55. Ra8+ Ra6 56. Rxa6+ Kxa6 57. Kxg6 b3 58. h5 b2 59. h6 b1=Q+
60. Kg7 Qb2+ 61. Kg8 Qb3+ 62. Kg7 Qc3+ 63. Kg8 Qc8+ 64. Kg7 Qd7+ 65. Kg8 Qe8+
66. Kg7 Qe7+ 67. Kh8 Qf7 68. h7 Qf8# 0-1

[Event "4NCL Division Three East"]
[Site "Daventry, ENG"]
[Date "2022.11.05"]
[Round "1.52"]
[White "Seymour, Timothy P"]
[Black "Kendall, Paul S N"]
[Result "1-0"]
[WhiteElo "2082"]
[BlackElo "1947"]
[PlyCount "81"]
[EventDate "2022.11.05"]
[WhiteTeam "Surbiton"]
[BlackTeam "Hull & East Riding Tigers"]

1. Nf3 c5 2. b3 Nc6 3. Bb2 Nf6 4. e3 d5 5. Bb5 e6 6. O-O Bd6 7. Ne5 Qc7 8. f4
a6 9. Bxc6+ bxc6 10. d3 Bb7 11. Nd2 O-O-O 12. Qe2 h5 13. c4 Ng8 14. Rac1 f6 15.
Nef3 Kb8 16. Ba3 Qa5 17. Nb1 Ne7 18. Qe1 Qb6 19. Nc3 d4 20. exd4 Bxf4 21. Bxc5
Qc7 22. Rb1 Nf5 23. Nd1 g5 24. g3 g4 25. gxf4 gxf3 26. Rxf3 Rhg8+ 27. Kh1 Nxd4
28. Rf1 Rg4 29. Qf2 e5 30. fxe5 fxe5 31. Qf7 Qa5 32. Qxh5 Rdg8 33. Qxe5+ Ka8
34. Ne3 R4g5 35. Qxd4 Qxc5 36. Qxc5 Rxc5 37. d4 Rh5 38. Rb2 Rh3 39. Nf5 Rd3 40.
Rg2 Rf8 41. Rgf2 1-0

[Event "4NCL Division Three East"]
[Site "Daventry, ENG"]
[Date "2022.11.05"]
[Round "1.53"]
[White "Varley, Joe"]
[Black "Faulks, Nick"]
[Result "1-0"]
[WhiteElo "2007"]
[BlackElo "1814"]
[PlyCount "77"]
[EventDate "2022.11.05"]
[WhiteTeam "Hull & East Riding Tigers"]
[BlackTeam "Surbiton"]

1. e4 c5 2. Nf3 e6 3. d4 cxd4 4. Nxd4 Nc6 5. Nc3 a6 6. Be3 Bb4 7. Bd3 Ne5 8.
O-O Nf6 9. h3 Qc7 10. Nce2 d5 11. Ng3 dxe4 12. Nxe4 Nd5 13. Bg5 f5 14. Ng3 h6
15. Bd2 Nxd3 16. cxd3 Bd6 17. Rc1 Qf7 18. Re1 O-O 19. Nf3 Bd7 20. Qb3 Bb5 21.
Ne5 Bxe5 22. Rxe5 g5 23. Nxf5 exf5 24. Qxd5 Rac8 25. Rxc8 Rxc8 26. Bc3 Re8 27.
Rxe8+ Bxe8 28. Qe5 Qg6 29. d4 Bd7 30. d5 g4 31. h4 h5 32. g3 Kf7 33. Bd4 Kg8
34. Qh8+ Kf7 35. Bc5 Qg7 36. Qxh5+ Kg8 37. b4 f4 38. gxf4 g3 39. Qg5 1-0

[Event "4NCL Division Three East"]
[Site "Daventry, ENG"]
[Date "2022.11.05"]
[Round "1.54"]
[White "Boughen, Andrew"]
[Black "Collinson, Mark I"]
[Result "1/2-1/2"]
[WhiteElo "1701"]
[BlackElo "1966"]
[PlyCount "63"]
[EventDate "2022.11.05"]
[WhiteTeam "Surbiton"]
[BlackTeam "Hull & East Riding Tigers"]

1. d4 Nf6 2. c4 c5 3. d5 e6 4. Nc3 exd5 5. cxd5 d6 6. e4 a6 7. a4 g6 8. Nf3 Bg4
9. h3 Bxf3 10. Qxf3 Bg7 11. Bc4 O-O 12. O-O Nbd7 13. Re1 Qc7 14. Bf4 Rae8 15.
Qg3 Nh5 16. Bxd6 Qb6 17. Qh2 Qxb2 18. Bxf8 Be5 19. g3 Qxc3 20. Rac1 Qd2 21.
Red1 Qb4 22. Bh6 Nhf6 23. Qg2 b5 24. axb5 axb5 25. Bd3 c4 26. Bd2 Qa3 27. Bxc4
bxc4 28. Rxc4 Qd3 29. Qf1 Qf3 30. Re1 Qb3 31. Re3 Qa2 32. Qd3 1/2-1/2

[Event "4NCL Division Three East"]
[Site "Daventry, ENG"]
[Date "2022.11.05"]
[Round "1.55"]
[White "Hodge, Steve R"]
[Black "Alcock, Graham P"]
[Result "1-0"]
[WhiteElo "2023"]
[BlackElo "1757"]
[PlyCount "43"]
[EventDate "2022.11.05"]
[WhiteTeam "Hull & East Riding Tigers"]
[BlackTeam "Surbiton"]

1. e4 d5 2. exd5 Qxd5 3. Nc3 Qd6 4. d4 Nf6 5. Nf3 a6 6. g3 Nc6 7. Bg2 Bg4 8.
Be3 e6 9. Qd2 Nd5 10. Ne4 Qd7 11. O-O h6 12. Ne5 Nxe5 13. dxe5 Be7 14. h3 Bf5
15. Rfd1 O-O-O 16. Qe2 Qe8 17. c4 Bxe4 18. Bxe4 Nxe3 19. Qxe3 Rxd1+ 20. Rxd1 c5
21. Qb3 b5 22. Qa3 1-0

[Event "4NCL Division Three East"]
[Site "Daventry, ENG"]
[Date "2022.11.05"]
[Round "1.56"]
[White "Markov, Alexey"]
[Black "Thompson, Keith"]
[Result "0-1"]
[WhiteElo "1703"]
[BlackElo "1910"]
[PlyCount "116"]
[EventDate "2022.11.05"]
[WhiteTeam "Surbiton"]
[BlackTeam "Hull & East Riding Tigers"]

1. d4 d5 2. Bf4 Nf6 3. e3 Bf5 4. Nd2 e6 5. Ngf3 Nbd7 6. c4 dxc4 7. Bxc4 Bd6 8.
Ne5 Ne4 9. Nxe4 Bxe4 10. O-O Nxe5 11. dxe5 Be7 12. f3 Qxd1 13. Rfxd1 Bc6 14.
Rd3 O-O 15. Rad1 Rfd8 16. a3 Rxd3 17. Rxd3 Rd8 18. Rxd8+ Bxd8 19. e4 Be7 20.
Be3 b6 21. Kf2 Kf8 22. g3 Ke8 23. h4 Kd7 24. Ke2 a5 25. Kd3 b5 26. Ba2 Bb7 27.
f4 c5 28. Bd2 Bd8 29. Ke3 Bb6 30. g4 g6 31. Kf3 Bd8 32. h5 Bb6 33. hxg6 hxg6
34. Be3 a4 35. Bb1 Kc6 36. Ke2 Bc7 37. Bc2 Bd8 38. Bf2 Be7 39. Kd3 Kb6 40. Kc3
Ka5 41. Be1 Ba6 42. b3 b4+ 43. Kb2 axb3 44. axb4+ cxb4 45. Kxb3 Bb5 46. f5 Be2
47. f6 Bc5 48. g5 Kb5 49. Bd2 Bc4+ 50. Kb2 Bd4+ 51. Kb1 Bxe5 52. Kc1 b3 53. Bb1
Be2 54. Be3 Kc4 55. Kd2 Bf1 56. Ke1 Bd3 57. Bxd3+ Kxd3 58. Bc1 b2 0-1

[Event "4NCL Division Three East"]
[Site "Daventry, ENG"]
[Date "2022.11.05"]
[Round "1.61"]
[White "Kanellopoulos, Panayotis"]
[Black "Lohia, Sohum"]
[Result "1-0"]
[WhiteElo "2259"]
[BlackElo "2136"]
[PlyCount "94"]
[EventDate "2022.11.05"]
[WhiteTeam "Anglian Avengers 1"]
[BlackTeam "Watford A"]

1. c4 Nf6 2. g3 e6 3. Bg2 d5 4. Nf3 d4 5. e3 c5 6. exd4 cxd4 7. O-O Nc6 8. Re1
Bd6 9. d3 O-O 10. Na3 e5 11. Nc2 h6 12. b4 Re8 13. Rb1 a6 14. Rb3 Bg4 15. h3
Be6 16. Rb1 Qc8 17. Kh2 b5 18. c5 Nd5 19. Bd2 Bc7 20. a4 Qd7 21. Na3 Rab8 22.
axb5 axb5 23. Qc2 f5 24. Qb2 Nf6 25. Nc2 Ra8 26. Ra1 Bd5 27. Rxa8 Rxa8 28. Ra1
Rd8 29. Ra6 Nb8 30. Ra7 Nc6 31. Ra6 Nb8 32. Ra3 Nc6 33. Qa1 Bxf3 34. Bxf3 e4
35. Bg2 Ne5 36. Ra8 Nxd3 37. Nxd4 Rxa8 38. Qxa8+ Kh7 39. Be3 g5 40. c6 Qd5 41.
Qc8 Qe5 42. Nxf5 Kg6 43. Nd4 Nxb4 44. Ne6 Nbd5 45. Bd4 Qd6 46. Bxe4+ Nxe4 47.
Qe8+ Kf5 1-0

[Event "4NCL Division Three East"]
[Site "Daventry, ENG"]
[Date "2022.11.05"]
[Round "1.62"]
[White "Nelson, Omowale"]
[Black "Talsma, Paul"]
[Result "0-1"]
[WhiteElo "1994"]
[BlackElo "2183"]
[PlyCount "34"]
[EventDate "2022.11.05"]
[WhiteTeam "Watford A"]
[BlackTeam "Anglian Avengers 1"]

1. d4 Nf6 2. c4 c5 3. d5 b5 4. cxb5 a6 5. bxa6 g6 6. Nc3 Bg7 7. g3 d6 8. Nf3
O-O 9. Bg2 Nbd7 10. O-O Nb6 11. e4 Bxa6 12. Re1 Nc4 13. Rb1 Ng4 14. Bf1 Qa5 15.
Nd2 Nxd2 16. Bxd2 Ne5 17. Na4 Qxd2 0-1

[Event "4NCL Division Three East"]
[Site "Daventry, ENG"]
[Date "2022.11.05"]
[Round "1.63"]
[White "Walker, Martin G"]
[Black "Van Essen, Luuk"]
[Result "1/2-1/2"]
[WhiteElo "2187"]
[BlackElo "1971"]
[PlyCount "62"]
[EventDate "2022.11.05"]
[WhiteTeam "Anglian Avengers 1"]
[BlackTeam "Watford A"]

1. e4 c6 2. d4 d5 3. exd5 cxd5 4. c4 Nf6 5. Nc3 Nc6 6. Nf3 Bg4 7. cxd5 Nxd5 8.
Qb3 Bxf3 9. gxf3 e6 10. Qxb7 Nxd4 11. Bb5+ Nxb5 12. Qc6+ Ke7 13. Qxb5 Qd7 14.
Nxd5+ Qxd5 15. Qxd5 exd5 16. Be3 Ke6 17. O-O Bb4 18. Rac1 Rhd8 19. Rfd1 Ba5 20.
Bc5 Rab8 21. Rc2 Rd7 22. a3 Rb3 23. Re2+ Kf5 24. Kg2 Bb6 25. Bxb6 axb6 26. Rd4
g5 27. h4 h6 28. h5 Rd6 29. Kg3 Rd7 30. Kg2 Rd6 31. Kg3 Rd7 1/2-1/2

[Event "4NCL Division Three East"]
[Site "Daventry, ENG"]
[Date "2022.11.05"]
[Round "1.64"]
[White "Lancaster, Roger"]
[Black "Peck, Silas"]
[Result "0-1"]
[WhiteElo "1952"]
[BlackElo "2066"]
[PlyCount "98"]
[EventDate "2022.11.05"]
[WhiteTeam "Watford A"]
[BlackTeam "Anglian Avengers 1"]

1. e4 e5 2. Nf3 Nc6 3. Bb5 a6 4. Ba4 Nf6 5. O-O Be7 6. Re1 b5 7. Bb3 d6 8. c3
Bg4 9. d3 O-O 10. Nbd2 Na5 11. Bc2 c5 12. h3 Bh5 13. Nf1 Nc6 14. Ne3 d5 15. Nf5
d4 16. g4 Bg6 17. Nxe7+ Qxe7 18. cxd4 cxd4 19. Bg5 h6 20. Bh4 Qd6 21. Bb3 Na5
22. Bg3 Rfe8 23. Rc1 Nxb3 24. Qxb3 Nd7 25. Re2 Rac8 26. Rec2 Rxc2 27. Qxc2 f6
28. Nh4 Bf7 29. Nf5 Qe6 30. b3 Kh7 31. Qc7 Nf8 32. Rc6 Qd7 33. Nd6 Re6 34. Qb6
Be8 35. Rc8 Rxd6 36. Qb8 Re6 37. Rc7 Qd6 38. Qa7 Bd7 39. h4 Re8 40. Rb7 Rc8 41.
Kg2 h5 42. Rb6 Rc6 43. Rb8 Qe6 44. f3 hxg4 45. f4 Rc2+ 46. Kf1 Rc1+ 47. Kg2 Qc6
48. fxe5 Qc2+ 49. Bf2 Qe2 0-1

[Event "4NCL Division Three East"]
[Site "Daventry, ENG"]
[Date "2022.11.05"]
[Round "1.65"]
[White "Myall, Ivan J"]
[Black "Taylor, Alistair"]
[Result "0-1"]
[WhiteElo "1994"]
[BlackElo "1843"]
[PlyCount "98"]
[EventDate "2022.11.05"]
[WhiteTeam "Anglian Avengers 1"]
[BlackTeam "Watford A"]

1. e4 g6 2. d4 d6 3. Nc3 a6 4. a4 Nd7 5. f4 c5 6. Be3 Bg7 7. Nf3 Ngf6 8. Bc4
O-O 9. O-O Ng4 10. Bf2 Nxf2 11. Rxf2 cxd4 12. Nxd4 Qb6 13. Nce2 Nf6 14. a5 Qc5
15. Qd3 Ng4 16. Rff1 e5 17. h3 Nf6 18. b4 Qa7 19. Kh1 exd4 20. Rad1 Re8 21. Ng3
Be6 22. f5 Bxc4 23. Qxc4 Rac8 24. Qa2 Rc3 25. fxg6 hxg6 26. Ne2 Rc7 27. Ng3
Nxe4 28. Nxe4 Rxe4 29. Qd5 Ree7 30. Qxd6 Rcd7 31. Qf4 Qa8 32. Rde1 Qe8 33. Qh4
g5 34. Rxe7 Qxe7 35. Qg4 Rc7 36. Qf5 Qe5 37. Qf2 Re7 38. Qf3 Qe2 39. Qf5 Qe5
40. Qc8+ Bf8 41. Rf5 Qe1+ 42. Kh2 Re5 43. Rf3 Kg7 44. Qxb7 Be7 45. Qd7 Qxb4 46.
Qe8 f6 47. Rb3 Qd6 48. Rb6 Re2+ 49. Kg1 Qg3 0-1

[Event "4NCL Division Three East"]
[Site "Daventry, ENG"]
[Date "2022.11.05"]
[Round "1.66"]
[White "Dairi, Ramsey"]
[Black "Abbott, Nathan J"]
[Result "0-1"]
[WhiteElo "1503"]
[BlackElo "1891"]
[PlyCount "58"]
[EventDate "2022.11.05"]
[WhiteTeam "Watford A"]
[BlackTeam "Anglian Avengers 1"]

1. e4 e5 2. Nf3 Nc6 3. Bc4 Nf6 4. d4 exd4 5. e5 d5 6. exd6 Bxd6 7. O-O O-O 8.
Bg5 Bg4 9. Nbd2 Ne5 10. Be2 Nxf3+ 11. Bxf3 Be6 12. Bxb7 Rb8 13. Bf3 h6 14. Bh4
Re8 15. Bc6 Bxh2+ 16. Kh1 Rf8 17. g3 g5 18. Bxg5 hxg5 19. Kxh2 Kg7 20. Nf3 Bd5
21. Bxd5 Qxd5 22. b3 Rh8+ 23. Kg1 Qf5 24. Nxg5 Qxg5 25. Qxd4 Qh5 26. Kg2 Qh3+
27. Kf3 Qf5+ 28. Qf4 Qd5+ 29. Ke2 Rbe8+ 0-1

[Event "4NCL Division Three East"]
[Site "Milton Keynes, ENG"]
[Date "2023.04.30"]
[Round "10.11"]
[White "Ciuravin, Andrei"]
[Black "Scott, Gordon W"]
[Result "1/2-1/2"]
[WhiteElo "2132"]
[BlackElo "2275"]
[PlyCount "108"]
[EventDate "2023.04.30"]
[WhiteTeam "Hull & East Riding Tigers"]
[BlackTeam "Anglian Avengers 1"]

1. d4 d5 2. c4 c6 3. Nf3 Nf6 4. Nbd2 Bf5 5. Nh4 Be6 6. e3 g6 7. Be2 Bg7 8. O-O
O-O 9. Nhf3 dxc4 10. Nxc4 c5 11. Nce5 Nbd7 12. Nd3 Bd5 13. Nf4 Be4 14. Ng5 cxd4
15. Nxe4 Nxe4 16. exd4 Nb6 17. Bf3 Nd6 18. g3 Nf5 19. d5 Nc4 20. Rb1 Qd6 21.
Bg2 Rfd8 22. Qa4 Nb6 23. Qe4 Rac8 24. b3 Qe5 25. Ba3 Qxe4 26. Bxe4 Nd6 27. Bxd6
Rxd6 28. Rbc1 Rxc1 29. Rxc1 Bh6 30. Rc7 Bxf4 31. gxf4 Rd7 32. Rc5 f5 33. Bf3
Kf7 34. a4 Na8 35. Rc8 Nc7 36. d6 Ne6 37. dxe7 Kxe7 38. Rc4 b6 39. Kg2 Rd4 40.
Rxd4 Nxd4 41. Bd5 a5 42. Kg3 h6 43. Bc4 Kd6 44. Bf7 g5 45. fxg5 hxg5 46. h4
gxh4+ 47. Kxh4 Ke5 48. Kg3 Ke4 49. Bc4 Nc6 50. Ba6 f4+ 51. Kg4 Ne5+ 52. Kg5
Nf3+ 53. Kg4 Ne5+ 54. Kg5 Nf3+ 1/2-1/2

[Event "4NCL Division Three East"]
[Site "Milton Keynes, ENG"]
[Date "2023.04.30"]
[Round "10.12"]
[White "Kanellopoulos, Panayotis"]
[Black "Hryshchenko, Kamila"]
[Result "1/2-1/2"]
[WhiteElo "2265"]
[BlackElo "2169"]
[PlyCount "105"]
[EventDate "2023.04.30"]
[WhiteTeam "Anglian Avengers 1"]
[BlackTeam "Hull & East Riding Tigers"]

1. c4 e5 2. g3 g6 3. Bg2 Bg7 4. Nc3 d6 5. d3 f5 6. e4 Nf6 7. Nge2 c6 8. O-O O-O
9. d4 Be6 10. b3 Nxe4 11. Nxe4 fxe4 12. Bxe4 d5 13. cxd5 cxd5 14. Bg2 e4 15.
Nf4 Bf7 16. Be3 Nc6 17. Qd2 Qb6 18. Rad1 a5 19. f3 exf3 20. Bxf3 Rfd8 21. Qc3
a4 22. Qc5 Qxc5 23. dxc5 d4 24. Bd2 axb3 25. axb3 Ra3 26. b4 Bc4 27. Ra1 Rda8
28. Rxa3 Rxa3 29. Bd5+ Bxd5 30. Nxd5 Rb3 31. Kg2 h6 32. Rf3 Rb2 33. Rf2 d3 34.
Be3 Nxb4 35. Nxb4 Rxb4 36. Rd2 Rb3 37. Kf3 Kf7 38. Ke4 Ke6 39. g4 g5 40. h3 Be5
41. Rxd3 Rxd3 42. Kxd3 Kd5 43. Bf2 Ba1 44. Bg1 Bf6 45. Bf2 Be7 46. Bd4 Bf8 47.
Bb2 Bxc5 48. Bg7 Be7 49. Bxh6 Ke5 50. Kc4 Kf6 51. Kb5 Bd8 52. Kc5 Bc7 53. Kb5
1/2-1/2

[Event "4NCL Division Three East"]
[Site "Milton Keynes, ENG"]
[Date "2023.04.30"]
[Round "10.13"]
[White "Vleeshhouwer, Douglas"]
[Black "Lewis, Andrew P"]
[Result "0-1"]
[WhiteElo "2045"]
[BlackElo "2230"]
[PlyCount "80"]
[EventDate "2023.04.30"]
[WhiteTeam "Hull & East Riding Tigers"]
[BlackTeam "Anglian Avengers 1"]

1. e4 c5 2. b4 cxb4 3. a3 e5 4. Nf3 Nc6 5. Bb2 d6 6. axb4 Nxb4 7. c3 Nc6 8. d4
Be7 9. Nbd2 Nf6 10. Qb3 O-O 11. Bd3 b6 12. Nc4 exd4 13. cxd4 d5 14. Ncd2 dxe4
15. Nxe4 Be6 16. Qc2 Nb4 17. Nxf6+ Kh8 18. Qd2 Nxd3+ 19. Qxd3 Bxf6 20. O-O Qd5
21. h3 Bf5 22. Qd2 Rfc8 23. Qf4 Kg8 24. Rfe1 h6 25. Ne5 Be6 26. Nd3 Qg5 27.
Rab1 Rc2 28. Qxg5 hxg5 29. Ba1 Rd2 30. Ne5 Rc8 31. Rbc1 Rcc2 32. Rxc2 Rxc2 33.
Rd1 a5 34. Kh2 Bxe5+ 35. dxe5 b5 36. Bd4 b4 37. Ra1 Ba2 38. Bb6 b3 39. Bd4 b2
40. Bxb2 Rxb2 0-1

[Event "4NCL Division Three East"]
[Site "Milton Keynes, ENG"]
[Date "2023.04.30"]
[Round "10.14"]
[White "Walker, Martin G"]
[Black "Hodge, Steve R"]
[Result "1/2-1/2"]
[WhiteElo "2199"]
[BlackElo "2027"]
[PlyCount "101"]
[EventDate "2023.04.30"]
[WhiteTeam "Anglian Avengers 1"]
[BlackTeam "Hull & East Riding Tigers"]

1. e4 c5 2. Nf3 Nc6 3. Bb5 g6 4. Bxc6 dxc6 5. d3 Bg7 6. h3 Nf6 7. O-O Nd7 8.
Nc3 e5 9. Be3 b6 10. Qd2 h6 11. Rfe1 Nf8 12. a3 Ne6 13. b4 Qe7 14. bxc5 bxc5
15. Na4 Nd4 16. Nh2 Be6 17. Qc3 c4 18. Nb2 O-O 19. Nxc4 Qc5 20. Bxd4 exd4 21.
Qa5 Qe7 22. Ne5 Bxh3 23. Nxc6 Qd7 24. Ne5 Bxe5 25. Qxe5 Be6 26. Nf3 Rfd8 27.
Qf6 Rac8 28. Ne5 Qe8 29. f4 Rc7 30. f5 Bc8 31. fxg6 fxg6 32. Nxg6 Rg7 33. Nf4
Qd7 34. Qxh6 Rf8 35. Rf1 Qg4 36. Rf2 Rg5 37. Nh3 Rxf2 38. Qxg5+ Qxg5 39. Nxg5
Rxc2 40. Nf3 Rc3 41. Rd1 Ba6 42. Nxd4 Rxa3 43. e5 Rxd3 44. Rxd3 Bxd3 45. Kf2 a5
46. Ke3 Bc4 47. Kd2 Kf7 48. Kc3 Bd5 49. g3 Kg6 50. Ne2 Bg8 51. Kd4 1/2-1/2

[Event "4NCL Division Three East"]
[Site "Milton Keynes, ENG"]
[Date "2023.04.30"]
[Round "10.15"]
[White "Collinson, Mark I"]
[Black "Talsma, Paul"]
[Result "0-1"]
[WhiteElo "2049"]
[BlackElo "2170"]
[PlyCount "98"]
[EventDate "2023.04.30"]
[WhiteTeam "Hull & East Riding Tigers"]
[BlackTeam "Anglian Avengers 1"]

1. d4 Nf6 2. g3 c5 3. d5 b5 4. Bg2 d6 5. e4 Nbd7 6. Ne2 g6 7. O-O Bg7 8. Nd2
O-O 9. Rb1 Rb8 10. b4 a5 11. bxc5 Nxc5 12. Bb2 Qc7 13. Nd4 Bd7 14. Re1 Na4 15.
Ba1 Nc3 16. Bxc3 Qxc3 17. N2f3 Ng4 18. Rb3 Qc5 19. Qd2 Ne5 20. Nxe5 Bxe5 21.
Nf3 Bg7 22. e5 Rbc8 23. Qxa5 Qxc2 24. Nd4 Qc5 25. Nc6 Bxc6 26. dxc6 Bxe5 27.
Rxb5 Qc2 28. Rbxe5 dxe5 29. Rxe5 Ra8 30. Qc5 Rxa2 31. Qxc2 Rxc2 32. Be4 Rc1+
33. Kg2 e6 34. Rb5 Rd8 35. Rb7 Rd4 36. Bf3 Rc2 37. g4 g5 38. Kg3 Kg7 39. h3 Rc3
40. Kg2 Rf4 41. Bd1 Rxc6 42. Rb2 Rc3 43. Be2 Ra4 44. Bb5 Raa3 45. Be2 Rxh3 46.
f3 Rh4 47. Rc2 Ra1 48. Bf1 h5 49. Rc5 hxg4 0-1

[Event "4NCL Division Three East"]
[Site "Milton Keynes, ENG"]
[Date "2023.04.30"]
[Round "10.16"]
[White "Peck, Silas"]
[Black "Larchikov, Maksym"]
[Result "1-0"]
[WhiteElo "2052"]
[BlackElo "2035"]
[PlyCount "55"]
[EventDate "2023.04.30"]
[WhiteTeam "Anglian Avengers 1"]
[BlackTeam "Hull & East Riding Tigers"]

1. e4 c6 2. d4 d5 3. e5 Bf5 4. Nf3 e6 5. Be2 Nd7 6. O-O h6 7. Nbd2 Ne7 8. Nb3
g5 9. Bd2 Ng6 10. Ne1 Qc7 11. g4 Be4 12. f3 Ngxe5 13. fxe4 Ng6 14. Bd3 dxe4 15.
Bxe4 Bd6 16. Qe2 O-O-O 17. Rxf7 Nh4 18. Nd3 h5 19. gxh5 g4 20. Nf4 Rdg8 21. Qf2
Qd8 22. Kh1 Qe8 23. Rxd7 Kxd7 24. Qxh4 Bxf4 25. Bxf4 g3 26. Bxg3 Rxh5 27. Qf4
e5 28. dxe5 1-0

[Event "4NCL Division Three East"]
[Site "Milton Keynes, ENG"]
[Date "2023.04.30"]
[Round "10.21"]
[White "Miller, Dominic"]
[Black "Cooksey, Paul S"]
[Result "1/2-1/2"]
[WhiteElo "2111"]
[BlackElo "2250"]
[PlyCount "152"]
[EventDate "2023.04.30"]
[WhiteTeam "Sussex Martlets 2"]
[BlackTeam "Crowthorne A"]

1. e4 c6 2. Nf3 d5 3. d3 dxe4 4. dxe4 Qxd1+ 5. Kxd1 g6 6. Nbd2 Bg7 7. c3 Nf6 8.
Ne1 O-O 9. f3 Rd8 10. Kc2 Nbd7 11. Nd3 Nf8 12. a4 Ne6 13. Nc4 h5 14. Be3 Kh7
15. g3 Bh6 16. Bf2 Kg8 17. Bg2 Bd7 18. Rhd1 Be8 19. a5 Nd7 20. f4 f6 21. e5 a6
22. exf6 Nxf6 23. Bb6 Rdb8 24. Re1 Ng7 25. Bc7 Rc8 26. Nb6 Nf5 27. Nxa8 Ng4 28.
Bb6 Rxa8 29. Bh3 g5 30. fxg5 Bxg5 31. Bxg4 hxg4 32. Ne5 Bh5 33. Ra4 Rf8 34.
Nxg4 Bg6 35. Kb3 Bf7+ 36. c4 Bh5 37. Ne5 Nd6 38. Raa1 Bf6 39. Nd7 Bf7 40. Nxf8
Bxc4+ 41. Kc2 Kxf8 42. Rad1 Bf7 43. Kb1 Nc4 44. Rd8+ Kg7 45. Bd4 e5 46. Bxe5
Nxe5 47. Rb8 Nd3 48. Rf1 Nc5 49. b4 Bg6+ 50. Ka2 Be5 51. Rd8 Nd3 52. Rd7+ Kh6
53. Rxb7 Be4 54. Kb3 Bd5+ 55. Kc2 Be4 56. Kd2 Nb2 57. Re7 Nc4+ 58. Ke2 Bd5 59.
Rf8 Bc3 60. Rb8 Nd6 61. Kd3 Bf6 62. Rd7 Bc4+ 63. Ke3 Be5 64. Rf8 Kg6 65. Rfd8
Nf5+ 66. Ke4 Bf6 67. Ra8 Be6 68. Rd1 Bc4 69. g4 Ne7 70. Rd6 Kf7 71. Ra7 Bc3 72.
Rb7 Bd5+ 73. Ke3 Be6 74. Rxc6 Bxb4 75. Rcc7 Bd6 76. Rc2 Bxg4 1/2-1/2

[Event "4NCL Division Three East"]
[Site "Milton Keynes, ENG"]
[Date "2023.04.30"]
[Round "10.22"]
[White "Webb, Richard M"]
[Black "Salmons, Calum"]
[Result "1/2-1/2"]
[WhiteElo "2179"]
[BlackElo "2135"]
[PlyCount "38"]
[EventDate "2023.04.30"]
[WhiteTeam "Crowthorne A"]
[BlackTeam "Sussex Martlets 2"]

1. e4 e5 2. Nf3 Nc6 3. Bc4 Bc5 4. c3 Nf6 5. d4 exd4 6. e5 d5 7. Bb5 Ne4 8. cxd4
Bb4+ 9. Bd2 Nxd2 10. Nbxd2 O-O 11. O-O Bg4 12. Bxc6 Bxd2 13. Qxd2 Bxf3 14. Bb5
Be4 15. f3 Bf5 16. Rac1 c6 17. Bd3 Bxd3 18. Qxd3 Qb6 19. Qc3 a5 1/2-1/2